Doctor Who Episodes - Statistics

General Stats
  • This quiz has been taken 29 times
    17 since last reset
  • The average score is 106 of 166
Answer Stats
Hint Answer % Correct
S03E10 Blink
100%
S01E01 Rose
100%
S01E06 Dalek
91%
S01E08 Father's Day
91%
S01E10 The Doctor Dances
91%
S01E09 The Empty Child
91%
S01E07 The Long Game
91%
S01E03 The Unquiet Dead
91%
S01E05 World War Three
91%
S03E07 42
82%
Special A Christmas Carol
82%
S06E07 A Good Man Goes to War
82%
S01E04 Aliens of London
82%
S05E07 Amy's Choice
82%
S02E12 Army of Ghosts
82%
S07E03 A Town Called Mercy
82%
S01E12 Bad Wolf
82%
S01E11 Boom Town
82%
S05E09 Cold Blood
82%
S07E02 Dinosaurs on a Spaceship
82%
S02E13 Doomsday
82%
S02E11 Fear Her
82%
S03E03 Gridlock
82%
S03E08 Human Nature
82%
S03E13 Last of the Time Lords
82%
S06E08 Let's Kill Hitler
82%
S02E10 Love & Monsters
82%
S04E10 Midnight
82%
S02E01 New Earth
82%
S04E01 Partners in Crime
82%
S04E03 Planet of the Ood
82%
S02E03 School Reunion
82%
S04E08 Silence in the Library
82%
S03E01 Smith and Jones
82%
S06E06 The Almost People
82%
S07E05 The Angels Take Manhattan
82%
S05E13 The Big Bang
82%
S06E03 The Curse of the Black Spot
82%
S04E06 The Doctor's Daughter
82%
S06E04 The Doctor's Wife
82%
S01E02 The End of the World
82%
Special The End of Time Part 1
82%
Special The End of Time Part 2
82%
S03E09 The Family of Blood
82%
S02E04 The Girl in the Fireplace
82%
S06E10 The Girl Who Waited
82%
S05E08 The Hungry Earth
82%
S02E08 The Impossible Planet
82%
S03E06 The Lazarus Experiment
82%
S05E12 The Pandorica Opens
82%
S01E13 The Parting of the Ways
82%
S04E05 The Poison Sky
82%
S07E04 The Power of Three
82%
Special The Runaway Bride
82%
S02E09 The Satan Pit
82%
S03E02 The Shakespeare Code
82%
S04E04 The Sontaran Stratagem
82%
S03E12 The Sound of Drums
82%
S04E07 The Unicorn and the Wasp
82%
Special The Waters of Mars
82%
S06E13 The Wedding of River Song
82%
S04E11 Turn Left
82%
S03E11 Utopia
82%
S05E10 Vincent and the Doctor
82%
Special Voyage of the Damned
82%
S07E01 Asylum of the Daleks
73%
S03E04 Daleks in Manhattan
73%
S08E01 Deep Breath
73%
S03E05 Evolution of the Daleks
73%
S05E05 Flesh and Stone
73%
S04E09 Forest of the Dead
73%
S04E13 Journey's End
73%
S08E07 Kill the Moon
73%
S06E09 Night Terrors
73%
Special Planet of the Dead
73%
S05E02 The Beast Below
73%
S07E06 The Bells of Saint John
73%
Special The Christmas Invasion
73%
Special The Day of the Doctor
73%
Special The Doctor, the Widow and the Wardrobe
73%
S05E01 The Eleventh Hour
73%
S04E02 The Fires of Pompeii
73%
S06E11 The God Complex
73%
S02E07 The Idiot's Lantern
73%
S06E01 The Impossible Astronaut
73%
S05E11 The Lodger
73%
S07E13 The Name of the Doctor
73%
Special The Next Doctor
73%
S06E05 The Rebel Flesh
73%
Special The Snowmen
73%
S04E12 The Stolen Earth
73%
S05E04 The Time of Angels
73%
Special The Time of the Doctor
73%
S05E06 The Vampires of Venice
73%
S02E02 Tooth and Claw
73%
S06E12 Closing Time
64%
S07E08 Cold War
64%
S06E02 Day of the Moon
64%
S08E09 Flatline
64%
S07E09 Hide
64%
S08E02 Into the Dalek
64%
S07E10 Journey to the Centre of the TARDIS
64%
S08E08 Mummy on the Orient Express
64%
S07E12 Nightmare in Silver
64%
S02E05 Rise of the Cybermen
64%
S02E06 The Age of Steel
64%
S08E06 The Caretaker
64%
S07E11 The Crimson Horror
64%
S07E07 The Rings of Akhaten
64%
S05E03 Victory of the Daleks
64%
S09E11 Heaven Sent
55%
S09E12 Hell Bent
55%
S08E10 In the Forest of the Night
55%
S08E04 Listen
55%
S08E03 Robot of Sherwood
55%
S09E07 The Zygon Invasion
55%
S09E08 The Zygon Inversion
55%
S08E05 Time Heist
55%
S09E04 Before the Flood
45%
S08E11 Dark Water
45%
S08E12 Death in Heaven
45%
S09E10 Face the Raven
45%
Special Last Christmas
45%
S09E09 Sleep No More
45%
Special The Husbands of River Song
45%
S09E01 The Magician's Apprentice
45%
S12E09 Ascension of the Cybermen
36%
S11E07 Kerblam!
36%
S10E04 Knock Knock
36%
S12E03 Orphan 55
36%
Special Revolution
36%
Special Revolution of the Daleks
36%
S11E03 Rosa
36%
S10E02 Smile
36%
S12E01 Spyfall: Part 1
36%
S12E02 Spyfall: Part 2
36%
S09E05 The Girl Who Died
36%
S12E08 The Haunting of Villa Diodati
36%
S10E01 The Pilot
36%
Special The Return of Doctor Mysterio
36%
S12E10 The Timeless Children
36%
S09E02 The Witch's Familiar
36%
S11E01 The Woman Who Fell to Earth
36%
S09E06 The Woman Who Lived
36%
S10E03 Thin Ice
36%
Special Twice Upon a Time
36%
S09E03 Under the Lake
36%
S10E11 World Enough and Time
36%
S11E04 Arachnids in the UK
27%
S12E07 Can You Hear Me?
27%
S11E06 Demons of the Punjab
27%
S10E09 Empress of Mars
27%
S10E06 Extremis
27%
S12E05 Fugitive of the Judoon
27%
S11E09 It Takes You Away
27%
S12E04 Nikola Tesla's Night of Terror
27%
S10E05 Oxygen
27%
S12E06 Praxeus
27%
S11E10 The Battle of Ranskoor Av Kolos
27%
S10E12 The Doctor Falls
27%
S10E10 The Eaters of Light
27%
S11E02 The Ghost Monument
27%
S10E08 The Lie of the Land
27%
S10E07 The Pyramid at the End of the World
27%
S11E05 The Tsuranga Conundrum
27%
S11E08 The Witchfinders
27%
No matching quizzes found
Score Distribution
Percent of People with Each Score
Percentile by Number Answered
Your Score History
You have not taken this quiz since the last reset